| 000 | 00533nam a2200181 a 4500 | ||
|---|---|---|---|
| 005 | 20140311163016.0 | ||
| 008 | 070222s19uu xx 00 eng d | ||
| 020 | _a1844481573 | ||
| 050 |
_aND 2420 _b.J47 2006 |
||
| 100 | _aJelbert, Wendy. | ||
| 245 |
_aLine & wash : _bwatercolour & pen techniques / _cWendy Jelbert |
||
| 260 |
_aGreat Britain : _bSearch Press Limited, _c2006. |
||
| 300 |
_a48 p : _bill. col. ; _c31 cm. |
||
| 521 | _aMA | ||
| 650 |
_aWatercolor printing _xTechnique. |
||
| 942 |
_cBK _2lcc _kFOR |
||
| 999 |
_c39429 _d39429 |
||